00537nam a2200157Ia 4500003000900000008004100009020001800050040001600068080001400084100006900098245011200167260004200279300000900321490003200330650001700362IN-BaIIA211028s9999 xx 000 0 eng d a0-19-564931-3 cIIA Library a92:5bCHR aChristianson, G. E.  0aIsaac Newtonband the scientific revolutioncG. E. Christianson  aMumbaibOxford University Pressc1999 a155p aOxford Portraits in Science aIsaac Newton